La Ultima Cena del Señor (Record no. 138603)

MARC details
000 -LEADER
campo de control de longitud fija 00514nam a2200157 4500
001 - NÚMERO DE CONTROL
campo de control 138603
003 - IDENTIFICADOR DE NÚMERO DE CONTROL
campo de control ES-MaACL
005 - FECHA Y HORA DE LA ÚLTIMA TRANSACCIÓN
campo de control 20230906195610.0
007 - CAMPO FIJO DE DESCRIPCIÓN FÍSICA--INFORMACIÓN GENERAL
campo de control de longitud fija t|
008 - DATOS DE LONGITUD FIJA--INFORMACIÓN GENERAL
campo de control de longitud fija 070214s1964 sp r ||||1| spa d
245 03 - MENCIÓN DEL TÍTULO
Título La Ultima Cena del Señor
Resto del título : (meditaciones de Jueves Santo) /
Mención de responsabilidad, etc. compaginador, Francisco Santamaría Gómez.
260 ## - PUBLICACIÓN, DISTRIBUCIÓN, ETC.
Lugar de publicación, distribución, etc. Cuenca :
Nombre del editor, distribuidor, etc. [s. n.],
Fecha de publicación, distribución, etc. 1964 (
Fabricante Imp. de Falange)
300 ## - DESCRIPCIÓN FÍSICA
Extensión 81 p. ;
Dimensiones 19 cm.
700 1# - ENTRADA AGREGADA--NOMBRE PERSONAL
Nombre de persona Santamaría Gómez, Francisco.
9 (RLIN) 103311
852 ## - LOCALIZACIÓN
Ubicación ES-MaACL
Número de control de estantería C-25107
Sublocalización o colección R.54011
Holdings
Estatus retirado Estado de pérdida Estado de daño No para préstamo Biblioteca de origen Biblioteca actual Ubicación en estantería Fecha de adquisición Fuente de adquisición Total de préstamos Signatura topográfica completa Código de barras Visto por última vez Precio de reemplazo Tipo de ítem Koha
        Biblioteca del Ateneo de Madrid Biblioteca del Ateneo de Madrid Depósito 2 17/01/2008     C-25107 1144230 23/02/2023 23/02/2023 Libro impreso